Teste rápido de matemática - Teste curto de matemática - Quiz 9 - Statistics

Estatísticas Gerais
  • Esse quiz foi jogado 33 vezes
  • A pontuação média é 12 de 15
Estatísticas das Respostas
Hint Resposta % Correto
1 x 6 = 6
100%
2 x 6 = 12
97%
3 x 6 = 18
90%
5 x 6 = 30
90%
10 x 6 = 60
87%
4 x 6 = 24
83%
15 x 6 = 90
80%
14 x 6 = 84
73%
11 x 6 = 66
70%
6 x 6 = 36
67%
9 x 6 = 54
67%
12 x 6 = 72
67%
13 x 6 = 78
67%
7 x 6 = 42
67%
8 x 6 = 48
63%
Nenhum quiz correspondente encontrado
Distribuição das Pontuações
Porcentagem de Pessoas com Cada Pontuação
Percentil de Números Respondidos
Sua Pontuação Histórica
Você não jogou esse quiz